<?xml version="1.0" encoding="UTF-8"?>
<record
    xmlns:xsi="http://www.w3.org/2001/XMLSchema-instance"
    xsi:schemaLocation="http://www.loc.gov/MARC21/slim http://www.loc.gov/standards/marcxml/schema/MARC21slim.xsd"
    xmlns="http://www.loc.gov/MARC21/slim">

  <leader>02331nam a2200385   4500</leader>
  <controlfield tag="001">14040</controlfield>
  <controlfield tag="003">http://catalogue.bnf.fr/ark:/12148/cb48727015x</controlfield>
  <controlfield tag="005">20260326095752.0</controlfield>
  <datafield tag="010" ind1=" " ind2=" ">
    <subfield code="a">9782487746237</subfield>
    <subfield code="d">15 EUR</subfield>
  </datafield>
  <datafield tag="073" ind1=" " ind2="0">
    <subfield code="a">9782487746237</subfield>
  </datafield>
  <datafield tag="090" ind1=" " ind2=" ">
    <subfield code="a">14040</subfield>
  </datafield>
  <datafield tag="099" ind1=" " ind2=" ">
    <subfield code="o">0</subfield>
  </datafield>
  <datafield tag="100" ind1=" " ind2=" ">
    <subfield code="a">20260311d2026    m  y0frey50      ba</subfield>
  </datafield>
  <datafield tag="101" ind1="0" ind2=" ">
    <subfield code="a">fre</subfield>
  </datafield>
  <datafield tag="102" ind1=" " ind2=" ">
    <subfield code="a">FR</subfield>
  </datafield>
  <datafield tag="105" ind1=" " ind2=" ">
    <subfield code="a">||||z   00|||</subfield>
  </datafield>
  <datafield tag="181" ind1=" " ind2="0">
    <subfield code="6">01</subfield>
    <subfield code="a">i </subfield>
    <subfield code="b">xxxe  </subfield>
  </datafield>
  <datafield tag="181" ind1=" " ind2=" ">
    <subfield code="6">02</subfield>
    <subfield code="c">txt</subfield>
    <subfield code="2">rdacontent</subfield>
  </datafield>
  <datafield tag="182" ind1=" " ind2="0">
    <subfield code="6">01</subfield>
    <subfield code="a">n</subfield>
  </datafield>
  <datafield tag="182" ind1=" " ind2=" ">
    <subfield code="6">02</subfield>
    <subfield code="c">n</subfield>
    <subfield code="2">rdamedia</subfield>
  </datafield>
  <datafield tag="200" ind1="1" ind2=" ">
    <subfield code="a">J'adore ma VIE</subfield>
    <subfield code="b">Texte imprim&#xE9;</subfield>
    <subfield code="e">suivi de Gilbert</subfield>
  </datafield>
  <datafield tag="214" ind1=" " ind2="0">
    <subfield code="c">Esse que &#xE9;ditions</subfield>
    <subfield code="d">2026</subfield>
  </datafield>
  <datafield tag="214" ind1=" " ind2="3">
    <subfield code="c">Impr. Typolibris</subfield>
  </datafield>
  <datafield tag="214" ind1=" " ind2="0">
    <subfield code="a">Pantin</subfield>
  </datafield>
  <datafield tag="214" ind1=" " ind2="3">
    <subfield code="a">22-Saint-Brieuc cedex 9</subfield>
  </datafield>
  <datafield tag="215" ind1=" " ind2=" ">
    <subfield code="a">1 vol. (168 p.)</subfield>
  </datafield>
  <datafield tag="215" ind1=" " ind2=" ">
    <subfield code="d">19 cm</subfield>
  </datafield>
  <datafield tag="225" ind1="1" ind2=" ">
    <subfield code="a">Th&#xE9;&#xE2;tre musical</subfield>
  </datafield>
  <datafield tag="330" ind1=" " ind2=" ">
    <subfield code="a">J adore ma VIE 
Th&#xE9;&#xE2;tre Musical 
Elle s appelle Trousse, comme une trousse. Il s appelle Bacon, comme le bacon. Ils ont un fils de trois ans, Kant. Ils vivent &#xE0; la Grande &#xC9;poque de nos Jours. Trousse a une r&#xE9;v&#xE9;lation. Elle veut faire quelque chose d important dans sa vie. Sur ce, arrive Chair Fra&#xEE;che. C est &#xE0; ce moment-l&#xE0; que tout va vraiment commencer. Fable sentimentale contemporaine sur la r&#xE9;alisation de soi, J adore ma VIE prend la forme d une com&#xE9;die musicale &#xE0; la fois d&#xE9;tonante et &#xE9;mouvante. 

Gilbert 
Petite forme th&#xE9;&#xE2;trale et musicale d&#xE9;di&#xE9;e au hors les murs Simone tombe amoureuse de Gilbert. Gilbert tombera-t-il amoureux de Simone? Une table, trois chaises, trois com&#xE9;diens qui jouent et chantent suffisent &#xE0; donner vie &#xE0; ce r&#xE9;cit loufoque et jouissif. 

Sonia Bester est autrice, metteuse en sc&#xE8;ne et directrice artistique de la compagnie de th&#xE9;&#xE2;tre musical Madamelune. Elle a &#xE9;crit et mis en sc&#xE8;ne plusieurs spectacles dont La Trag&#xE9;die du Belge, Ah! F&#xE9;lix (n est pas le bon titre), Comprendre ( Laur&#xE9;at Fonds SACD Th&#xE9;&#xE2;tre). Avec le diptyque J adore ma VIE et Gilbert, elle continue de creuser son sillon, faisant entendre sa voix d&#xE9;cal&#xE9;e, dr&#xF4;le et po&#xE9;tique, pleine de fantaisie.</subfield>
  </datafield>
  <datafield tag="610" ind1=" " ind2=" ">
    <subfield code="a">musique</subfield>
    <subfield code="a">com&#xE9;die musicale</subfield>
    <subfield code="a">couple</subfield>
    <subfield code="a">amour</subfield>
  </datafield>
  <datafield tag="700" ind1=" " ind2=" ">
    <subfield code="a">Bester</subfield>
    <subfield code="b">Sonia</subfield>
  </datafield>
  <datafield tag="700" ind1=" " ind2=" ">
    <subfield code="c">Auteur du texte</subfield>
  </datafield>
  <datafield tag="801" ind1=" " ind2="0">
    <subfield code="a">FR</subfield>
    <subfield code="b">FR-751131015</subfield>
    <subfield code="c">20260311</subfield>
    <subfield code="g">AFNOR</subfield>
    <subfield code="h">FRBNF48727015000000X</subfield>
  </datafield>
  <datafield tag="856" ind1=" " ind2="2">
    <subfield code="u">1187136</subfield>
    <subfield code="b">Premi&#xE8;re de couverture</subfield>
  </datafield>
  <datafield tag="856" ind1=" " ind2="2">
    <subfield code="u">1187137</subfield>
    <subfield code="b">Quatri&#xE8;me de couverture</subfield>
  </datafield>
  <datafield tag="995" ind1=" " ind2=" ">
    <subfield code="2">0</subfield>
    <subfield code="5">2026-03-26</subfield>
    <subfield code="9">13931</subfield>
    <subfield code="c">JOL</subfield>
    <subfield code="f">JOL-007740</subfield>
    <subfield code="k">TH BES X</subfield>
    <subfield code="o">0</subfield>
    <subfield code="b">JOL</subfield>
    <subfield code="r">LIVR</subfield>
  </datafield>
</record>
